000 00849nam a2200229 a 4500
008 951213s1984||||[C 0 slo c
020 _c16 Kčs.
_q(18000 výtl.)
040 _aSNK
_bslo
_cSNK
_eAACR2
041 1 _aslo
_hrus
044 _axo
_cSK
080 _a947"1983"
080 _a327.323"1913"
100 1 _aLenin, Vladimir Iľjič
_4aut
245 1 0 _aZobrané spisy. /Zv./ 23
_bMarec-september 1913
_cVladimir Iľjič Lenin ; Eva Piovarcsyová, Oto Takáč
250 _a2., vyd.
260 _aBratislava
_bPravda
_c1984
_eBratislava
_fPravda
300 _a712 s., 29,29 AH
_c21 cm
500 _aLit. 230. Faksim. rkp. Poznn. Zozn. nenájdených prác V.I. Lenina. Reg. lit. prác a prameňov a men. Životopisné údaje. 230 zázn. v slov., ruš. a nem.
700 1 _aPiovarcsyová, Eva
_4trl
700 1 _aTakáč, Oto
_4bkd
958 _aA
999 _c15444
_d15444